Angels Like You - Miley Cyrus (All Lyrics) - Statistics

General Stats
  • This quiz has been taken 90 times
  • The average score is 243 of 293
Answer Stats
Answer % Correct
A
98%
angels
98%
Angels
98%
I
98%
like
98%
me
98%
you
98%
"baby"
93%
Baby
93%
be
93%
Every
93%
for
93%
need
93%
that
93%
The
93%
the
93%
your
93%
can't
91%
down
91%
fault
91%
go
91%
on
91%
what
91%
day
88%
it
88%
It's
88%
it's
88%
know
88%
leave
88%
not
88%
we
88%
with
88%
you're
88%
And
86%
I'm
86%
ruin
86%
to
86%
everything
84%
(Everything)
84%
fly
84%
knees
84%
say
84%
they
84%
would
84%
Gonna
81%
love
81%
never
81%
said
81%
wish
81%
wrong
81%
Cause
79%
company
79%
met
79%
in
74%
misery
74%
brought
72%
by
72%
Flowers
72%
don't
70%
loves
70%
more
70%
Oh
70%
oh
70%
call
67%
look
67%
name
67%
one
67%
waiting
67%
When
67%
Won't
67%
won't
67%
hand
65%
only
65%
poetry
65%
says
65%
time
65%
Everyone
60%
give
60%
goodbye
60%
happy
60%
here
60%
just
60%
put
60%
word
60%
feels
58%
less
58%
fine
56%
I'll
56%
off
56%
right
56%
slow
56%
kill
53%
let
53%
little
53%
Before
51%
eyes
51%
pretend
51%
Take
51%
Tonight
51%
Close
49%
clothes
49%
hurt
49%
La-la-la
42%
La-la-la-la
42%
mother
42%
Ah
40%
Mmm
26%
No matching quizzes found
Score Distribution
Percent of People with Each Score
Percentile by Number Answered
Your Score History
You have not taken this quiz